Hamlet Quiz - Statistics

General Stats
  • This quiz has been taken 495 times
  • The average score is 9 of 14
Answer Stats
Quote Character % Correct
Frailty, thy name is women! Hamlet
91%
A little more than kin, and less than kind Hamlet
89%
To be or not to be; that is the question Hamlet
80%
The play is the thing/Wherein I'll catch the conscience of the King Hamlet
75%
Neither a borrower nor lender be...This above all-to thine own self be true Polonius
72%
The serpent that did sting thy father's life/Now wears his crown Ghost
68%
Revenge his foul and most unnatural murder Ghost
64%
Madness in great ones must not unwatched go Claudius
63%
Though this be madness, yet there is method in't Polonius
61%
What a piece of work is man, how noble in reason, how infinite in faculties Hamlet
59%
The lady doth protest too much, methinks Gertrude
54%
Brevity is the soul of wit Polonius
54%
Something is rotten in the state of Denmark Marcellus
52%
More matter with less art Gertrude
47%
No matching quizzes found
Score Distribution
Percent of People with Each Score
Percentile by Number Answered
Your Score History
You have not taken this quiz